Computación analógica para principiantes / (Record no. 86381)

MARC details
000 -LEADER
campo de control de longitud fija 00486nam a2200169 i 4500
001 - NÚMERO DE CONTROL
campo de control 86381
003 - IDENTIFICADOR DE NÚMERO DE CONTROL
campo de control ES-MaACL
005 - FECHA Y HORA DE LA ÚLTIMA TRANSACCIÓN
campo de control 20230906175432.0
007 - CAMPO FIJO DE DESCRIPCIÓN FÍSICA--INFORMACIÓN GENERAL
campo de control de longitud fija t|
008 - DATOS DE LONGITUD FIJA--INFORMACIÓN GENERAL
campo de control de longitud fija 041209s1972 sp ||||1| spa d
100 1# - ENTRADA PRINCIPAL--NOMBRE DE PERSONA
Nombre de persona Key, H. A.
9 (RLIN) 67971
245 10 - MENCIÓN DEL TÍTULO
Título Computación analógica para principiantes /
Mención de responsabilidad, etc. H.A. Key ; [traducción, F. Saccone].
260 ## - PUBLICACIÓN, DISTRIBUCIÓN, ETC.
Lugar de publicación, distribución, etc. Madrid :
Nombre del editor, distribuidor, etc. Paraninfo,
Fecha de publicación, distribución, etc. 1972.
300 ## - DESCRIPCIÓN FÍSICA
Extensión 156 p. ;
Dimensiones 22 cm.
700 1# - ENTRADA AGREGADA--NOMBRE PERSONAL
Nombre de persona Saccone, F.
9 (RLIN) 101233
852 ## - LOCALIZACIÓN
Ubicación ES-MaACL
Número de control de estantería C-45650
Sublocalización o colección R.80114
Holdings
Estatus retirado Estado de pérdida Estado de daño No para préstamo Biblioteca de origen Biblioteca actual Ubicación en estantería Fecha de adquisición Fuente de adquisición Total de préstamos Signatura topográfica completa Código de barras Visto por última vez Precio de reemplazo Tipo de ítem Koha
        Biblioteca del Ateneo de Madrid Biblioteca del Ateneo de Madrid Depósito 2 17/01/2008     C-45650 1090251 23/02/2023 23/02/2023 Libro impreso